000 00618nam a22002297a 4500
003 UA-OsUOA
001 99869
007 ta
008 20130520b un ||||| |||| 00| 0 ukr d
100 _aФелкел П.
090 _a821.182.2
_bФ38
942 _cBK
040 _aUA-OsUOA
_bukr
_cUA-OsUOA
_dUA-OsUOA
245 _a...А ваші діти будуть сиротами
_bповість
300 _a123 с.
955 _a3
041 _aukr
080 _a821.182.2
260 _aК.
_bМолодь
_c1971
650 7 _a82 Література. Літературознавство
_2UDC
999 _c386106
_d386106